[Event "Gatineau CEH 31 Aniv-B"]
[Site "Gatineau"]
[Date "2010.09.28"]
[Round "3"]
[White "Jani, Louis"]
[Black "Arsenault, Yves"]
[Result "1/2-1/2"]
[WhiteElo "1390"]
[BlackElo "1506"]
[PlyCount "58"]
[EventDate "2010.09.14"]
[EventType "swiss"]
[EventRounds "5"]
[EventCountry "CAN"]
[SourceTitle "EXT 2011"]
[Source "ChessBase"]
[SourceDate "2010.11.26"]
[SourceVersion "1"]
[SourceVersionDate "2010.11.26"]
[SourceQuality "1"]

1. f4 Nf6 2. Nf3 d5 3. e3 Bg4 4. Be2 Nc6 5. 0-0 g6 6. d4 Bg7 7. c3 0-0 8. Nbd2 a6 9. Ne5 Bxe2 10. Qxe2 Nxe5 11. fxe5 Nd7 12. Qf3 e6 13. e4 c6 14. Qh3 Qe7 15. exd5 cxd5 16. Nf3 f6 17. exf6 Bxf6 18. Bf4 Rae8 19. Rae1 Rf7 20. Qg3 Nf8 21. Kh1 b5 22. Re2 Qd7 23. Qh3 Rfe7 24. Rfe1 a5 25. Bh6 e5 26. Qxd7 Nxd7 27. dxe5 Nxe5 28. Nxe5 Rxe5 29. Rxe5 Bxe5 1/2-1/2

[Event "Gatineau Hull CC-chB"]
[Site "Gatineau"]
[Date "2009.04.28"]
[Round "3"]
[White "Jani, Louis"]
[Black "Berthiaume, Serge"]
[Result "0-1"]
[WhiteElo "1435"]
[BlackElo "1303"]
[PlyCount "76"]
[EventDate "2009.04.14"]
[EventType "swiss"]
[EventRounds "5"]
[EventCountry "CAN"]
[SourceTitle "EXT 2011"]
[Source "ChessBase"]
[SourceDate "2010.11.26"]
[SourceVersion "1"]
[SourceVersionDate "2010.11.26"]
[SourceQuality "1"]

1. e4 e6 2. d4 d5 3. e5 c5 4. Nf3 Qb6 5. b3 Nc6 6. Bb2 Nge7 7. Be2 Ng6 8. c3 cxd4 9. cxd4 Qa5+ 10. Nbd2 Be7 11. 0-0 f6 12. a3 fxe5 13. dxe5 Qc7 14. Re1 0-0 15. Bb5 Bd7 16. Bxc6 Bxc6 17. Rc1 Rf7 18. b4 a6 19. a4 Bxb4 20. Bc3 Be7 21. Qb3 Nh4 22. Nxh4 Bxh4 23. Nf3 Be7 24. Bd4 Raf8 25. Bb6 Qd7 26. a5 Bd8 27. Qb2 Bxb6 28. Qxb6 Rf4 29. Qb1 Qf7 30. Ng5 Qh5 31. Nxe6 Qg4 32. Nxf4 Rxf4 33. Qb3 Qe6 34. Re3 Rf7 35. Rce1 Rf5 36. Rf3 Rxe5 37. Rxe5 Qxe5 38. Re3 Qa1+ 0-1

[Event "Gatineau Defi Nez rouge B"]
[Site "Gatineau"]
[Date "2008.12.02"]
[Round "2"]
[White "Scantland, Patrick"]
[Black "Jani, Louis"]
[Result "1-0"]
[WhiteElo "1686"]
[BlackElo "1424"]
[PlyCount "51"]
[EventDate "2008.11.25"]
[EventType "swiss"]
[EventRounds "5"]
[EventCountry "CAN"]
[SourceTitle "EXT 2022"]
[Source "ChessBase"]
[SourceDate "2021.10.06"]
[SourceVersion "1"]
[SourceVersionDate "2021.10.06"]
[SourceQuality "1"]

1. c4 c5 2. Nf3 Nf6 3. Nc3 Nc6 4. g3 e6 5. Bg2 Be7 6. 0-0 0-0 7. a3 d6 8. d4 cxd4 9. Nxd4 Bd7 10. e4 e5 11. Nf5 Qc8 12. Nxd6 Bxd6 13. Qxd6 Bh3 14. Nd5 Nxd5 15. cxd5 Nd4 16. Qxe5 Ne2+ 17. Kh1 Re8 18. Qh5 Bxg2+ 19. Kxg2 Rxe4 20. Be3 Qc2 21. Qf3 Rae8 22. Kh1 R8e5 23. Rad1 Qxb2 24. Rd2 Rxe3 25. fxe3 Qxd2 26. Qxf7+ 1-0

[Event "Gatineau Hull CC 29 Ann-B"]
[Site "Gatineau"]
[Date "2008.10.07"]
[Round "5"]
[White "Briere, Gilles"]
[Black "Jani, Louis"]
[Result "0-1"]
[WhiteElo "1289"]
[BlackElo "1467"]
[PlyCount "46"]
[EventDate "2008.09.09"]
[EventType "swiss"]
[EventRounds "5"]
[EventCountry "CAN"]
[SourceTitle "EXT 2022"]
[Source "ChessBase"]
[SourceDate "2021.10.06"]
[SourceVersion "1"]
[SourceVersionDate "2021.10.06"]
[SourceQuality "1"]

1. e4 c5 2. Bc4 d6 3. d3 Nf6 4. h3 a6 5. a4 e6 6. Nf3 Be7 7. Nc3 0-0 8. Be3 Re8 9. 0-0 Nc6 10. Nh2 d5 11. exd5 exd5 12. Nxd5 Nxd5 13. Qd2 Be6 14. Qe2 Qc7 15. Bxd5 Bxd5 16. c4 Be6 17. Qd2 Rad8 18. Nf3 Bxc4 19. Ra3 Be6 20. Rc3 c4 21. Qd1 Bf5 22. Ne1 Nb4 23. Rxc4 Qxc4 0-1

[Event "Quebec-ch qual"]
[Site "Gatineau"]
[Date "2008.03.25"]
[Round "3"]
[White "Jani, Louis"]
[Black "Ethier, Valori"]
[Result "0-1"]
[WhiteElo "1467"]
[BlackElo "1367"]
[PlyCount "58"]
[EventDate "2008.03.11"]
[EventType "swiss"]
[EventRounds "5"]
[EventCountry "CAN"]
[SourceTitle "EXT 2011"]
[Source "ChessBase"]
[SourceDate "2010.11.26"]
[SourceVersion "1"]
[SourceVersionDate "2010.11.26"]
[SourceQuality "1"]

1. e4 c6 2. d4 d5 3. e5 Bf5 4. Nf3 e6 5. Bg5 Qb6 6. b3 Nd7 7. a3 c5 8. Be3 cxd4 9. Bxd4 Bc5 10. c3 Ne7 11. b4 Bxd4 12. cxd4 Rc8 13. Ra2 Qc7 14. Bb5 Bxb1 15. Rb2 Qc3+ 16. Rd2 Qxa3 17. 0-0 Qxb4 18. Qxb1 Qxb1 19. Rxb1 Rc7 20. Rdb2 b6 21. Ra2 0-0 22. Rba1 a5 23. Rb2 Nc8 24. g3 Na7 25. Bxd7 Rxd7 26. Rxb6 Rc7 27. Rxa5 Nc8 28. Rb8 Ne7 29. Rxf8+ Kxf8 0-1

[Event "Gatineau Monarque Noir 2nd"]
[Site "Gatineau"]
[Date "2008.02.05"]
[Round "4"]
[White "Jani, Louis"]
[Black "Berthiaume, Serge"]
[Result "1-0"]
[WhiteElo "1460"]
[BlackElo "1290"]
[PlyCount "86"]
[EventDate "2008.01.15"]
[EventType "swiss"]
[EventRounds "7"]
[EventCountry "CAN"]
[SourceTitle "EXT 2011"]
[Source "ChessBase"]
[SourceDate "2010.11.26"]
[SourceVersion "1"]
[SourceVersionDate "2010.11.26"]
[SourceQuality "1"]

1. e4 e5 2. Nf3 Nc6 3. Bc4 Nf6 4. Ng5 d5 5. exd5 Nxd5 6. Nxf7 Kxf7 7. Qf3+ Ke8 8. Bxd5 Qd7 9. c3 Bc5 10. 0-0 Rf8 11. Bxc6 bxc6 12. Qh5+ g6 13. Qxe5+ Qe7 14. Qxe7+ Kxe7 15. d4 Bb6 16. Bg5+ Kd7 17. Re1 Rf7 18. b4 a5 19. Be3 axb4 20. cxb4 Rf5 21. Nd2 Ba6 22. Nf3 Bb5 23. a3 Ba4 24. Rec1 Rd5 25. Rc3 Bxd4 26. Nxd4 Re8 27. Rc5 Rxc5 28. bxc5 Rb8 29. h4 h5 30. Rc1 Ra8 31. Rc3 Bd1 32. Rd3 Ba4 33. Nf3+ Kc8 34. Ne5 Bc2 35. Rc3 Be4 36. f3 Bd5 37. Nxg6 Ra4 38. Bg5 Kb7 39. Kf2 Ka6 40. Ne7 Kb7 41. g3 Ka6 42. f4 Kb7 43. Nxd5 Ka6 1-0

[Event "Gatineau Monarque Noir 2nd"]
[Site "Gatineau"]
[Date "2008.01.29"]
[Round "3"]
[White "Jani, Louis"]
[Black "MacIsaac, Alexandre"]
[Result "0-1"]
[WhiteElo "1460"]
[BlackElo "1323"]
[PlyCount "82"]
[EventDate "2008.01.15"]
[EventType "swiss"]
[EventRounds "7"]
[EventCountry "CAN"]
[SourceTitle "EXT 2011"]
[Source "ChessBase"]
[SourceDate "2010.11.26"]
[SourceVersion "1"]
[SourceVersionDate "2010.11.26"]
[SourceQuality "1"]

1. e4 e5 2. Nf3 Nc6 3. Bc4 Bc5 4. c3 Nf6 5. d4 exd4 6. cxd4 Bb4+ 7. Nc3 Nxe4 8. 0-0 Nxc3 9. bxc3 Bxc3 10. Ba3 d6 11. Bxf7+ Kxf7 12. Qb3+ d5 13. Qxc3 Re8 14. Rfe1 Kg8 15. Qc5 a6 16. Rxe8+ Qxe8 17. Qxd5+ Be6 18. Qe4 Bd7 19. Qf4 Rc8 20. Re1 Qf7 21. Qd2 Rd8 22. d5 Nb8 23. d6 c6 24. Re7 Qf6 25. Bb2 Qf5 26. Rxg7+ Kf8 27. Qc1 Re8 28. Rg5 Qe4 29. Re5 Rxe5 30. Bxe5 Qe2 31. Qh6+ Ke8 32. Qd2 Qxd2 33. Nxd2 Be6 34. a4 Nd7 35. f4 Kf7 36. Kf2 b5 37. axb5 cxb5 38. Ne4 Kg6 39. Ke3 Kf5 40. Ng5 Nxe5 41. fxe5 Kxg5 0-1

[Event "Gatineau Roger Roy Memorial"]
[Site "Gatineau"]
[Date "2006.11.07"]
[Round "4"]
[White "Maisonneuve, Paul"]
[Black "Jani, Louis"]
[Result "1-0"]
[WhiteElo "1569"]
[BlackElo "1444"]
[PlyCount "23"]
[EventDate "2006.10.17"]
[EventType "swiss"]
[EventRounds "5"]
[EventCountry "CAN"]
[SourceTitle "EXT 2022"]
[Source "ChessBase"]
[SourceDate "2021.10.06"]
[SourceVersion "1"]
[SourceVersionDate "2021.10.06"]
[SourceQuality "1"]

1. d4 f5 2. Bf4 Nf6 3. e3 e6 4. Nf3 Be7 5. h3 0-0 6. Be2 Nc6 7. 0-0 d5 8. a3 a6 9. c4 b5 10. cxb5 axb5 11. Qc2 Bd6 12. Qxc6 1-0

[Event "Gatineau Hull CC 27 Ann-B"]
[Site "Gatineau"]
[Date "2006.09.26"]
[Round "3"]
[White "Jani, Louis"]
[Black "Guimond, Michel"]
[Result "1/2-1/2"]
[WhiteElo "1427"]
[BlackElo "1812"]
[PlyCount "93"]
[EventDate "2006.09.12"]
[EventType "swiss"]
[EventRounds "5"]
[EventCountry "CAN"]
[SourceTitle "EXT 2022"]
[Source "ChessBase"]
[SourceDate "2021.10.06"]
[SourceVersion "1"]
[SourceVersionDate "2021.10.06"]
[SourceQuality "1"]

1. f4 d6 2. e3 g6 3. Nf3 Bg7 4. Be2 Nf6 5. d3 0-0 6. 0-0 c6 7. Nbd2 a5 8. a4 b5 9. c4 Ng4 10. Nb3 bxc4 11. dxc4 Qb6 12. Nfd4 e5 13. Bxg4 Bxg4 14. Qxg4 exd4 15. Nxd4 Bxd4 16. exd4 Qxd4+ 17. Kh1 Re8 18. Ra3 Qxc4 19. Qf3 f5 20. Bd2 d5 21. b3 Qe2 22. Qxe2 Rxe2 23. Bc3 Nd7 24. h3 c5 25. Raa1 d4 26. Be1 Nf6 27. Rd1 Nd5 28. Rd2 Rae8 29. Rxe2 Rxe2 30. Bxa5 Ne3 31. Re1 Rxe1+ 32. Bxe1 Nd5 33. a5 Nc7 34. Kg1 Kf7 35. Kf2 Ke6 36. Ke2 Kd5 37. Kd3 Kc6 38. Kc4 Nb5 39. b4 Nd6+ 40. Kd3 Kd5 41. bxc5 Kxc5 42. a6 Nb5 43. Bf2 Kb6 44. a7 Kxa7 45. Bxd4+ Kb7 46. Kc4 Kc6 47. Be5 1/2-1/2

[Event "Gatineau Monarque Noir op"]
[Site "Gatineau"]
[Date "2006.01.31"]
[Round "5"]
[White "Thompson, Daniel"]
[Black "Jani, Louis"]
[Result "1-0"]
[WhiteElo "1363"]
[BlackElo "1416"]
[PlyCount "39"]
[EventDate "2006.01.03"]
[EventType "swiss"]
[EventRounds "7"]
[EventCountry "CAN"]
[SourceTitle "EXT 2007"]
[Source "ChessBase"]
[SourceDate "2006.11.23"]
[SourceVersion "1"]
[SourceVersionDate "2006.11.23"]
[SourceQuality "1"]

1. d4 Nf6 2. c4 e6 3. Nc3 d5 4. cxd5 exd5 5. Nf3 c6 6. e3 Bd6 7. Bd3 Bg4 8. Qb3 Qc7 9. Ne5 Nbd7 10. f4 Bh5 11. h3 Bg6 12. f5 Bxe5 13. dxe5 Nxe5 14. 0-0 Nxd3 15. fxg6 hxg6 16. Nxd5 Nxd5 17. Qxd3 0-0-0 18. Qc4 Rxh3 19. Qg4+ Qd7 20. Qxd7+ 1-0